=LDR 00000nam 2200000 4500 =001 INLIS000000000015167 =005 20200826075937 =035 ##$$a 0010-061300000015167 =008 200826################g##########0#ind## =041 ##$$a Ind =082 ##$$a 2x9.959.8 =090 ##$$a 2x9.959, HAS-s =100 ##$$a Hasbullah =245 1#$$a Sejarah pendidikan islam di Indonesia : $b Lintasan sejarah pertumbuhan dan perkembangan /$c Drs. Hasbullah =260 ##$$a Jakarta :$b RajaGrafindo Persada,$c 1996 =300 ##$$a Xii, 264 hlm ; $c 12,5 x 19 cm =650 #4$$a Islam sejarah-Indonesia =850 ##$$a NBPNMAT =020 ##$$a 979-421-445-0 =084 ##$$a 2x9.959.8 HAS s =250 ##$$a Cet. 2 =990 ##$$a 169. 989/Pro-97